| 000 | 00398nam a2200169Ia 4500 | ||
|---|---|---|---|
| 005 | 20250603145429.0 | ||
| 008 | 250603s9999 xx 000 0 und d | ||
| 020 | _a9782601462 | ||
| 050 | _aUA 861.3 .N543/ | ||
| 245 | 0 | _aNigerian defence policy : issues and problems | |
| 260 | _aLagos | ||
| 260 | _bMalthouse Press | ||
| 260 | _c1990 | ||
| 300 | _a351 p | ||
| 650 | _aLagos | ||
| 942 | _cBK | ||
| 999 |
_c41838 _d41838 |
||